000 00437nmm a2200157Ia 4500
008 251105s9999||||xx |||||||||||||||||und||
041 _aspa
100 _aPoveda, María Pía
245 0 _aY sin embargo
264 _a[Madrid, España] :
_bEditorial Egales,
_c2018
300 _a170 páginas
490 _aNarrativa
650 _aLatin American narrative
856 _uhttps://public.digitaliapublishing.com/a/175343
942 _cCF
999 _c100134
_d100134